| 000 | 00541nam a22001937a 4500 | ||
|---|---|---|---|
| 005 | 20251108173242.0 | ||
| 008 | 250721s9999 xx 000 0 ara d | ||
| 082 | 1 | 4 | _a817/ناد |
| 100 | 1 | _aنادر، جمال | |
| 245 | 1 | 0 | _aإضحك معنا مع أجمل 555 نكتة / |
| 264 | 1 |
_aعمان : _bدار الإسراء للنشر والتوزيع، |
|
| 300 | _a88ص | ||
| 650 | 1 | 7 | _aالأدب العربي |
| 650 | 1 | 7 | _aالنوادر |
| 650 | 1 | 7 | _aالفكاهة |
| 650 | 1 | 7 | _aالضحك |
| 942 |
_2ddc _cBK |
||
| 999 |
_c99595 _d99595 |
||